Κατάλογος Βιβλιοθηκών Mediterranean College

Το Χρώμα και Τα Μυστικά Του / Για Διακοσμητές, Σχεδιστές, Αρχιτέκτονες, Γραφίστες, Ζωγράφους κλπ. (Record no. 3927)

MARC details
000 -LEADER
fixed length control field 01259cam a22001934a 4500
005 - ΗΜΕΡΟΜΗΝΙΑ ΚΑΙ ΩΡΑ ΤΕΛΕΥΤΑΙΑΣ ΕΝΗΜΕΡΩΣΗΣ
Πεδίο ελέγχου 20250605164129.0
008 - FIXED-LENGTH DATA ELEMENTS--GENERAL INFORMATION
Πεδίο ελέγχου σταθερού μήκους 250528s ||||||||||||||||||||||||d
035 ## - SYSTEM CONTROL NUMBER
System control number 18578
020 ## - ISBN
ISBN 9607270126
040 ## - ΠΗΓΗ ΚΑΤΑΛΟΓΟΓΡΑΦΗΣΗΣ
Φορέας πρωτότυπης καταλογογράφησης MC Athens Campus Library
Γλώσσα καταλογογράφησης Ελληνικά, Μοντέρνα (1453-)
Modifying agency MC Athens Campus Library
Κανόνες περιγραφικής καταλογογράφησης AACR2
245 1# - ΤΙΤΛΟΣ ΚΑΙ ΔΗΛΩΣΗ ΥΠΕΥΘΥΝΟΤΗΤΑΣ
Τίτλος Το Χρώμα και Τα Μυστικά Του / Για Διακοσμητές, Σχεδιστές, Αρχιτέκτονες, Γραφίστες, Ζωγράφους κλπ.
260 ## - PUBLICATION, DISTRIBUTION, ETC.
Name of publisher, distributor, etc. Οργανισμός Δημητρέλη - Εξειδικευμένες Εκδόσεις,
Date of publication, distribution, etc. 1987
300 ## - PHYSICAL DESCRIPTION
Extent 144
520 ## - SUMMARY, ETC.
Summary, etc. Η πρώτη μελέτη του χρώματος σε σχέση με το περιβάλλον και τον άνθρωπο. Πρόλογος, Εισαγωγή, Η Έννοια του Χρώματος, Η Όραση και η Αίσθηση των Χρωμάτων, Τα Χρώματα στο Σύμπαν, Άνθρωπος - Χρώμα - Ψυχολογία, Χώρος - Χρώμα - Διακόσμηση, Το Χρώμα στην Υπηρεσία της Τέχνης, Το Χρώμα στη Μακέτα, Βιβλίογραφία, Έκδοσεις.
700 1# - ΠΡΟΣΘΕΤΗ ΑΝΑΓΡΑΦΗ--ΦΥΣΙΚΟ ΠΡΟΣΩΠΟ
Personal name Δημητρέλης Λεωνίδας-Δάκης
9 (RLIN) 4838
942 ## - ADDED ENTRY ELEMENTS (KOHA)
Koha item type Books
Holdings
Τύπος τεκμηρίου Βιβλιοθήκη Τρέχουσα τοποθεσία Barcode Αριθμός εισαγωγής Ημερομηνία απόκτησης Ταξιθετικό σύμβολο Αριθμός αντιτύπου Κατάσταση απόσυρσης Κατάσταση χαμένου Κατάσταση κατεστραμμένου Μη δανεισμός Σύνολο δανεισμών Ημερομηνία τελευταίας εμφάνισης Η τιμή ισχύει από
Books MC Athens Campus Library MC Athens Campus Library 9780000039262 3481 05/06/2025 752 DIM 1           05/06/2025 05/06/2025

MC Athens Campus Library
Πατησίων 94 & Κοδριγκτώνος 13, 104 34
Πελλήνης 8 & Πατησίων 107, 112 51
Τ: +30 210 8899600

MC Thessaloniki Campus Library
Ίωνος Δραγούμη 21, 54625 | Ίωνος Δραγούμη 15, 54625
Τ: +30 2310 287779 – Τ: +30 2314 440300